000 00366 a2200169 4500
001 56702
020 _a853050044x
040 _cAnchieta - Pituba
100 _aMorais, Carlos
240 1 0 _aA vingança do Timão
_lpor
245 1 0 _aA vingança do Timão
300 _a151
362 0 _a1987
440 1 _aQuinteto
650 4 _aLiteratura juvenil
942 _cBK
999 _c56702
_d56702